El catolicismo y la democracia (Record no. 153038)

MARC details
000 -LEADER
campo de control de longitud fija 01036nam a2200217 i 4500
001 - NÚMERO DE CONTROL
campo de control 153038
003 - IDENTIFICADOR DE NÚMERO DE CONTROL
campo de control ES-MaACL
005 - FECHA Y HORA DE LA ÚLTIMA TRANSACCIÓN
campo de control 20250626063200.0
008 - DATOS DE LONGITUD FIJA--INFORMACIÓN GENERAL
campo de control de longitud fija 960201s1881 sp |||| | spa d
040 ## - FUENTE DE CATALOGACIÓN
Centro catalogador/agencia de origen AS
Lengua de catalogación spa
Centro/agencia transcriptor CCPB | SIC
100 1# - ENTRADA PRINCIPAL--NOMBRE DE PERSONA
Nombre de persona Godard, Léon,
Fechas asociadas al nombre 1825-1863
9 (RLIN) 138231
245 13 - MENCIÓN DEL TÍTULO
Título El catolicismo y la democracia
Resto del título : conformidad de las doctrinas de los teologos con los principios del 89 /
Mención de responsabilidad, etc. por un profesor del gran Seminario de Paris ; puesto en castellano con una introducción y notas por Enrique Muñiz ; adicionado con documentos referentes a la Unión Católica en España.
260 ## - PUBLICACIÓN, DISTRIBUCIÓN, ETC.
Lugar de publicación, distribución, etc. Madrid :
Nombre del editor, distribuidor, etc. [s.n.],
Fecha de publicación, distribución, etc. 1881 (
Fabricante Imprenta de Alvarez Hermanos)
300 ## - DESCRIPCIÓN FÍSICA
Extensión 206 p. ;
Dimensiones 20 cm.
650 #4 - PUNTO DE ACCESO ADICIONAL DE MATERIA--TÉRMINO DE MATERIA
Término de materia o nombre geográfico como elemento de entrada Cristianismo y política-
Subdivisión general Iglesia Católica.
9 (RLIN) 160900
650 #4 - PUNTO DE ACCESO ADICIONAL DE MATERIA--TÉRMINO DE MATERIA
Término de materia o nombre geográfico como elemento de entrada Derecho constitucional-
Subdivisión geográfica Francia.
9 (RLIN) 152211
700 0# - ENTRADA AGREGADA--NOMBRE PERSONAL
Nombre de persona Muñiz, Enrique.
9 (RLIN) 84261
852 ## - LOCALIZACIÓN
Ubicación ES-MaACL
Número de control de estantería T-793-F-2
Nota libre -- Enc. hol., conservando la cub. original
-- -- Enc. en un vol. facticio
Holdings
Estatus retirado Estado de pérdida Estado de daño No para préstamo Colección Biblioteca de origen Biblioteca actual Ubicación en estantería Fecha de adquisición Total de préstamos Signatura topográfica completa Código de barras Visto por última vez Precio de reemplazo Tipo de ítem Koha
        Colección de folletos Biblioteca del Ateneo de Madrid Biblioteca del Ateneo de Madrid Depósito folletos 17/01/2008   T-793-F-2 1159879 23/02/2023 23/02/2023 Folleto